000 00285nam a22001337a 4500
008 170927b xxu||||| |||| 00| 0 eng d
020 _a0130183903
041 _aeng
080 _a37
100 _a47
101 _aEDU
245 _aAFFIRMATIVE EDUCATION
_cILLICH,I
942 _2udc
_cBK
999 _c30219
_d30219